Option writing strategies for extraordinary returns

שמור ב:
מידע ביבליוגרפי
מחבר ראשי: Funk, David G.
פורמט: ספר
שפה:Undetermined
יצא לאור: New York McGraw-Hill 2005
נושאים:
תגים: הוספת תג
אין תגיות, היה/י הראשונ/ה לתייג את הרשומה!
Thư viện lưu trữ: Trung tâm Học liệu Trường Đại học Cần Thơ
LEADER 00513nam a2200193Ia 4500
001 CTU_96180
008 210402s9999 xx 000 0 und d
020 |c 639000 
082 |a 332.64 
082 |b F982 
100 |a Funk, David G. 
245 0 |a Option writing strategies for extraordinary returns 
245 0 |c David G. Funk 
260 |a New York 
260 |b McGraw-Hill 
260 |c 2005 
650 |a Options (Finance) 
904 |i Hiếu 
980 |a Trung tâm Học liệu Trường Đại học Cần Thơ